En las cárceles clandestinas de Ríos Montt: testimonio de Marvin Pérez /
El joven Marvin Pérez, activista del Frente Estudiantil Revolucionario "Robin García" (FERG) y estudiante de secundaria, tenía 14 años cuando fue arrestado por la Policía Nal., posteriormente fue interrogado y torturado durante las dos semanas que estuvo detenido. Ahí fue testigo de increí...
Salvato in:
| Autore principale: | |
|---|---|
| Natura: | testo |
| Soggetti: | |
| Tags: |
Aggiungi Tag
Nessun Tag, puoi essere il primo ad aggiungerne!!
|
MARC
| LEADER | 00000 a a2200000 04500 | ||
|---|---|---|---|
| 001 | 11086 | ||
| 003 | |||
| 040 | |||
| 100 | |a Pérez, Marvin | ||
| 245 | |a En las cárceles clandestinas de Ríos Montt: |b testimonio de Marvin Pérez / |c Marvin Pérez | ||
| 520 | |a El joven Marvin Pérez, activista del Frente Estudiantil Revolucionario "Robin García" (FERG) y estudiante de secundaria, tenía 14 años cuando fue arrestado por la Policía Nal., posteriormente fue interrogado y torturado durante las dos semanas que estuvo detenido. Ahí fue testigo de increíbles violaciones de los derechos humanos y junto a varios muchachos de su edad fue puesto en libertad, después de declararse ante la prensa como "guerrillero" y dar declaraciones ensalladas de antemano, condición impuesta por los cuerpos de seguridad guatemaltecos para poder obtener su libertad. VJ/JM | ||
| 650 | |a FUERZAS ARMADAS | ||
| 650 | |a VIOLENCIA | ||
| 650 | |a DERECHOS HUMANOS | ||
| 650 | |a PRISIONES | ||
| 650 | |a PRISIONEROS | ||
| 650 | |a TORTURA | ||
| 773 | |g volumen 3, número 12; páginas 32-33 | ||
| 999 | |c 35040 |d 35040 | ||
| 773 | 0 | |0 43575 |9 5127 |d México D.F., 1987- |o MFN: 1556 |t Revista Otra Guatemala | |
